Patrick Sebastien - Statistiques

Statistiques générales
  • Ce quiz a été pris 107 fois
  • Le résultat moyen est 6 sur 10
Statistiques - réponses
Question Réponse % Correct
Dans le titre d'une de ses chansons, en quelle matière est "le petit bonhomme" ? mousse
94%
Dans une de ses chansons, que tourne-t-il ? les serviettes
91%
Quel est son sport préféré ? rugby
90%
Quel est le titre de son émission pour laquelle il vient de fêter les 20 ans ? le plus grand cabaret du monde
79%
A ses débuts, il faisait des .... notamment de Bourvil et Joe Dassin imitations
75%
En 2006, qui chantent "Qu’est-ce qu’on est serré, au fond de cette boite" ? les sardines
69%
Quelle est sa ville natale ? Brive
58%
Quel duo comique a-t-il lancé en 2001 ? Shirley et Dino
44%
Quel est son vrai nom de famille ? Boutot
25%
Quel est le titre de l'émission qu'il a présentée à la télévision de 2006 à 2018 ? les années bonheur
23%
Aucun quiz correspondant
Distribution des résultats
% des personnes avec chaque résultat
Percentile par nombre de réponses
Votre historique - résultats
Vous n’avez pas pris ce quiz